01247nam a22003857a 4500001001000000003000900010005001700019007000300036008003400039040005400073041001000127072002500137090001900162100001600181110006600197245009000263260003400353300001100387500006800398650001100466650001000477650001100487650001600498650001000514650001400524650001400538650001600552650001500568650003100583650003500614909003600649942000700685999001700692952015200709BR0809486BR-BrBNA20230928102828.0ta230509b bl.||||| |||| 00| 0 por d aBR-BrBNAbporcBiblioteca Nacional de Agricultura a(Por) aL01; Q04b6100b9705  6100 BR08094861 aFaria, P.B.1 aUniversidade Federal de Lavras, MG (Brasil)0Tese (Doutorado)1 aDesempenho e qualidade de carcaça e carne de frangos criados em sistema alternativo3 aLavras, MG (Brasil): c2007.  a239 p. aSummares (Eng, Por); Several bibliography; 76 tables; 19 illus. aFRANGO aCARNE aMANEJO aCRIAÇÃO aABATE aCARCAÇA aQUALIDADE aPERFORMANCE aRENDIMENTO aCOMPOSIÇÃO DE ALIMENTO aPROPRIEDADE FÍSICO-QUÍMICA a202309bLuciac55dLucia Elande cBK c72614d72614 002AGRIS40708AGROBASEa41918b41918l0o 6100 BR0809486p6100 BR0809486r2023-09-25t01yBK10d2023-09-25ePortaria Interministerial nº 164/94